Pokémon - Les attaques de Magmar - Statistiques

Statistiques générales
  • Ce quiz a été pris 13 fois
  • Le résultat moyen est 10 sur 15
Statistiques - réponses
Niveaux Types Noms des attaques % Correct
Niveau 58 Feu Déflagration
90%
Départ Feu Flammèche
90%
Niveau 34 Feu Ébullilave
80%
Niveau 46 Feu Lance-Flammes
80%
Niveau 28 Feu Poing Feu
80%
Niveau 12 Poison Bain de Smog
70%
Départ Normal Brouillard
70%
Départ Normal Groz'Yeux
70%
Niveau 20 Spectre Onde Folie
70%
Départ Poison Purédpois
70%
Niveau 16 Feu Roue de Feu
70%
Niveau 52 Feu Zénith
60%
Niveau 64 Normal Ultralaser
50%
Niveau 40 Combat Balayage
40%
Niveau 24 Normal Grimace
40%
Aucun quiz correspondant
Distribution des résultats
% des personnes avec chaque résultat
Percentile par nombre de réponses
Votre historique - résultats
Vous n’avez pas pris ce quiz